Normal view
MARC view
- Karnopp, Dean C, Margolis, Donald L, Rosenberg, Ronald.C
Entry Personal Name
001 - CONTROL NUMBER
- control field: 60963
003 - CONTROL NUMBER IDENTIFIER
- control field: NUST
005 - DATE AND TIME OF LATEST TRANSACTION
- control field: 20210628202649.0
008 - FIXED-LENGTH DATA ELEMENTS
- fixed length control field: 210628|| aca||aabn | a|a d
040 ## - CATALOGING SOURCE
- Original cataloging agency: NUST
- Transcribing agency: NUST
100 ## - HEADING--PERSONAL NAME
- Personal name: Karnopp, Dean C, Margolis, Donald L, Rosenberg, Ronald.C
670 ## - SOURCE DATA FOUND
- Source citation: Work cat.: (NUST): Karnopp, Dean C, Margolis, Donald L, Rosenberg, Ronald.C, System dynamics modeling and simulation of mechatronic systems, 2006
